<?xml version="1.0" encoding="UTF-8"?>
<marc:record xmlns:marc="http://www.loc.gov/MARC21/slim">
   <marc:leader>00000nam a2200000 a 4500</marc:leader>
   <marc:datafield ind1="1" ind2=" " tag="100">
      <marc:subfield code="a">Kafka, Franz</marc:subfield>
      <marc:subfield code="4">aut</marc:subfield>
      <marc:subfield code="e">Verfasser/-in</marc:subfield>
   </marc:datafield>
   <marc:datafield ind1="0" ind2="0" tag="245">
      <marc:subfield code="a">Die Verwandlung</marc:subfield>
   </marc:datafield>
   <marc:datafield ind1="0" ind2="0" tag="245">
      <marc:subfield code="b">edition : divibib</marc:subfield>
   </marc:datafield>
   <marc:datafield ind1=" " ind2="1" tag="264">
      <marc:subfield code="b">ekz.bibliotheksservice GmbH</marc:subfield>
      <marc:subfield code="c">2012</marc:subfield>
   </marc:datafield>
   <marc:datafield ind1="1" ind2=" " tag="520">
      <marc:subfield code="a">Franz Kafka wurde am 3. Juli 1883 in Prag geboren und starb am 3. Juni 1924 in Kierling bei Wien. Der österreichische Schriftsteller erkrankte 1917 an Kehlkopftuberkulose. Kafka galt als Einzelgänger. Sein Verhältnis zu Frauen war problematisch. Bekannt wurde seine unerfüllte Liebe zu Milena Jesenska, wie in seinen "Briefen an Milena" ausführlich dokumentiert. Kafkas Werk fand erst nach 1945 weltweite Beachtung. Sein besonderer Blick auf die Welt fand sogar als eigener Begriff in die Sprache: "kafkaesk" steht heute sinnbildlich für ein pardoxes oder rätselhaftes und zugleich bedrohliches Ereignis.</marc:subfield>
   </marc:datafield>
   <marc:datafield ind1=" " ind2=" " tag="020">
      <marc:subfield code="a">9783920279589</marc:subfield>
      <marc:subfield code="9">9783920279589</marc:subfield>
   </marc:datafield>
   <marc:datafield ind1="0" ind2=" " tag="490">
      <marc:subfield code="v">0</marc:subfield>
   </marc:datafield>
   <marc:datafield ind1=" " ind2=" " tag="300">
      <marc:subfield code="a">50 S.</marc:subfield>
   </marc:datafield>
</marc:record>
